The political economy of sustainable energy / (Record no. 16316)
[ view plain ]
| 000 -LEADER | |
|---|---|
| fixed length control field | 01685cam a2200373 a 4500 |
| 001 - CONTROL NUMBER | |
| control field | 6462201 |
| 005 - DATE AND TIME OF LATEST TRANSACTION | |
| control field | 20170105102937.0 |
| 008 - FIXED-LENGTH DATA ELEMENTS--GENERAL INFORMATION | |
| fixed length control field | 071228s2008 enk b 001 0 eng |
| 010 ## - LIBRARY OF CONGRESS CONTROL NUMBER | |
| LC control number | 2007052821 |
| 020 ## - INTERNATIONAL STANDARD BOOK NUMBER | |
| International Standard Book Number | 0230537111 (alk. paper) |
| 020 ## - INTERNATIONAL STANDARD BOOK NUMBER | |
| International Standard Book Number | 9780230537118 (alk. paper) |
| 024 ## - OTHER STANDARD IDENTIFIER | |
| Standard number or code | 40015085061 |
| 035 ## - SYSTEM CONTROL NUMBER | |
| System control number | (OCoLC)163616485 |
| 035 ## - SYSTEM CONTROL NUMBER | |
| System control number | (OCoLC)ocn163616485 |
| 035 ## - SYSTEM CONTROL NUMBER | |
| System control number | (DLC) 2007052821 |
| 035 ## - SYSTEM CONTROL NUMBER | |
| System control number | (NNC)6462201 |
| 040 ## - CATALOGING SOURCE | |
| Original cataloging agency | DLC |
| Transcribing agency | DLC |
| Modifying agency | UKM |
| -- | YDXCP |
| -- | BAKER |
| -- | BWKUK |
| 050 00 - LIBRARY OF CONGRESS CALL NUMBER | |
| Classification number | HD9502.A2 |
| Item number | M576 2008 |
| 082 00 - DEWEY DECIMAL CLASSIFICATION NUMBER | |
| Classification number | 333.79 |
| Edition number | 22 |
| Author Mark | MIT 2008 |
| 100 1# - MAIN ENTRY--PERSONAL NAME | |
| Personal name | Mitchell, Catherine, |
| Dates associated with a name | 1956- |
| 245 14 - TITLE STATEMENT | |
| Title | The political economy of sustainable energy / |
| Statement of responsibility, etc. | Catherine Mitchell. |
| 260 ## - PUBLICATION, DISTRIBUTION, ETC. | |
| Place of publication, distribution, etc. | Basingstoke [England] ; |
| -- | New York : |
| Name of publisher, distributor, etc. | Palgrave Macmillan, |
| Date of publication, distribution, etc. | 2008. |
| 300 ## - PHYSICAL DESCRIPTION | |
| Extent | xi, 236 p. ; |
| Dimensions | 23 cm. |
| 490 1# - SERIES STATEMENT | |
| Series statement | Energy, climate, and the environment series |
| 504 ## - BIBLIOGRAPHY, ETC. NOTE | |
| Bibliography, etc. note | Includes bibliographical references (p. 215-229) and index. |
| 505 0# - FORMATTED CONTENTS NOTE | |
| Formatted contents note | Breaking free of the band of iron -- The regulatory state paradigm and its challenges -- The difficulty of delivering the 'right' change quickly enough -- Preferable intervention : the pursuit of nuclear power -- Renewable energy in the UK -- Markets and networks : pure paradigm and effect -- New Zealand as a case study -- Examining European political paradigms -- 'Just-do-it' : solutions, opportunities and realities. |
| 650 #0 - SUBJECT ADDED ENTRY--TOPICAL TERM | |
| Topical term or geographic name entry element | Energy policy |
| General subdivision | Environmental aspects. |
| 650 #0 - SUBJECT ADDED ENTRY--TOPICAL TERM | |
| Topical term or geographic name entry element | Energy development |
| General subdivision | Environmental aspects. |
| 650 #0 - SUBJECT ADDED ENTRY--TOPICAL TERM | |
| Topical term or geographic name entry element | Energy industries |
| General subdivision | Environmental aspects. |
| 830 #0 - SERIES ADDED ENTRY--UNIFORM TITLE | |
| Uniform title | Energy, climate, and the environment series. |
| 942 ## - ADDED ENTRY ELEMENTS (KOHA) | |
| Source of classification or shelving scheme | |
| Koha item type | Book |
| 948 1# - LOCAL PROCESSING INFORMATION (OCLC); SERIES PART DESIGNATOR (RLIN) | |
| Series part designator, SPT (RLIN) | 20080227 |
| b (OCLC) | c |
| c (OCLC) | jv5 |
| d (OCLC) | MPS |
| Withdrawn status | Lost status | Damaged status | Not for loan | Collection code | Permanent Location | Current Location | Shelving location | Date acquired | Total Checkouts | Full call number | Barcode | Date last seen | Price effective from | Koha item type |
|---|---|---|---|---|---|---|---|---|---|---|---|---|---|---|
| Centre for International Peace & Stability (CIPS) | Centre for International Peace & Stability (CIPS) | General Stacks | 03/22/2016 | 333.79 MIT 2008 | CIPS0002707 | 03/22/2016 | 03/22/2016 | Book |
